The Oxford handbook of work and organization / (Record no. 5130)
[ view plain ]
| 000 -LEADER | |
|---|---|
| fixed length control field | 01257nac a22003011u 4500 |
| 008 - FIXED-LENGTH DATA ELEMENTS--GENERAL INFORMATION | |
| fixed length control field | 111013t xxu||||| |||| 00| 0 eng d |
| 010 ## - LIBRARY OF CONGRESS CONTROL NUMBER | |
| LC control number | 2005295417 |
| 020 ## - INTERNATIONAL STANDARD BOOK NUMBER | |
| International Standard Book Number | 0199299242 |
| 020 ## - INTERNATIONAL STANDARD BOOK NUMBER | |
| International Standard Book Number | 9780199299249 |
| 035 ## - SYSTEM CONTROL NUMBER | |
| System control number | (OCoLC)ocm56463480 |
| 082 00 - DEWEY DECIMAL CLASSIFICATION NUMBER | |
| Classification number | 331 |
| Edition number | 22 |
| Item number | OXF |
| 100 ## - MAIN ENTRY--PERSONAL NAME | |
| Personal name | 20080729 |
| 9 (RLIN) | 27529 |
| 245 04 - TITLE STATEMENT | |
| Title | The Oxford handbook of work and organization / |
| Statement of responsibility, etc | edited by Stephen Ackroyd ... [et al.]. |
| 246 30 - VARYING FORM OF TITLE | |
| Title proper/short title | work and organization |
| 260 ## - PUBLICATION, DISTRIBUTION, ETC. (IMPRINT) | |
| Place of publication, distribution, etc | Oxford ; |
| -- | New York : |
| Name of publisher, distributor, etc | Oxford University Press,2005. |
| Date of publication, distribution, etc | 2005. |
| 300 ## - PHYSICAL DESCRIPTION | |
| Extent | xxi, 655 p. ; |
| Dimensions | 26 cm. |
| 504 ## - BIBLIOGRAPHY, ETC. NOTE | |
| Bibliography, etc | Includes bibliographical references and index. |
| 650 #0 - SUBJECT ADDED ENTRY--TOPICAL TERM | |
| Topical term or geographic name as entry element | Labor. |
| 9 (RLIN) | 27530 |
| 650 #0 - SUBJECT ADDED ENTRY--TOPICAL TERM | |
| Topical term or geographic name as entry element | Organization. |
| 9 (RLIN) | 27531 |
| 700 1# - ADDED ENTRY--PERSONAL NAME | |
| Personal name | Ackroyd, Stephen.[ed] |
| 9 (RLIN) | 27532 |
| 700 1# - ADDED ENTRY--PERSONAL NAME | |
| Personal name | Batt, Rosemary [ed] |
| 9 (RLIN) | 27533 |
| 700 1# - ADDED ENTRY--PERSONAL NAME | |
| Personal name | Thompson, Paul [ed] |
| 9 (RLIN) | 27534 |
| 700 1# - ADDED ENTRY--PERSONAL NAME | |
| Personal name | Tolbert, Pamela S. |
| 9 (RLIN) | 27535 |
| 856 41 - ELECTRONIC LOCATION AND ACCESS | |
| Materials specified | Table of contents only |
| Uniform Resource Identifier | <a href="http://www.loc.gov/catdir/toc/fy053/2005295417.html">http://www.loc.gov/catdir/toc/fy053/2005295417.html</a> |
| 856 41 - ELECTRONIC LOCATION AND ACCESS | |
| Materials specified | Publisher description |
| Uniform Resource Identifier | <a href="http://www.loc.gov/catdir/enhancements/fy0627/2005295417-d.html">http://www.loc.gov/catdir/enhancements/fy0627/2005295417-d.html</a> |
| 942 ## - ADDED ENTRY ELEMENTS (KOHA) | |
| Item type | Reference (NB) |
| Call number prefix | 331 OXF |
| Source of classification or shelving scheme | Dewey Decimal Classification |
| Withdrawn status | Item status | Source of classification or shelving scheme | Damaged status | Not for loan | Vendor | Home library | Current library | Shelving location | Date acquired | Source of acquisition | Total Checkouts | Full call number | Barcode | Date last seen | Koha item type |
|---|---|---|---|---|---|---|---|---|---|---|---|---|---|---|---|
| Dewey Decimal Classification | Central Library | Central Library | Ground Floor | 17/10/2007 | 331 ACK | 000006091 | 15/07/2025 | Reference (NB) |